[Event "World Rapid Women 2021"]
[Site "Warsaw POL"]
[Date "2021.12.26"]
[Round "3.28"]
[White "Maltsevskaya, Aleksandra"]
[Black "Kubicka, Anna"]
[Result "1/2-1/2"]
[WhiteTitle "IM"]
[BlackTitle "WIM"]
[WhiteElo "2400"]
[BlackElo "2266"]
[WhiteFideId "24174041"]
[BlackFideId "1152254"]
[EventDate "2021.12.26"]

1. e4 c5 2. Nf3 d6 3. d4 cxd4 4. Nxd4 Nf6 5. f3 e5 6. Nb3 a5 7. Nc3 a4 8. Nd2
Nc6 9. Nc4 Be6 10. Be3 Bxc4 11. Bxc4 a3 12. O-O axb2 13. Rb1 Qa5 14. Nb5 Rd8 15.
Rxb2 Be7 16. c3 O-O 17. Qb3 Qa8 18. Nc7 Qc8 19. Nd5 Nxd5 20. Bxd5 Rd7 21. Rfb1
Bd8 22. Qc4 Qa8 23. Bb6 Bxb6+ 24. Rxb6 Rc8 25. Qb5 Kf8 26. Rxb7 Rxb7 27. Qxb7
Qxb7 28. Rxb7 Ne7 29. Bb3 Rxc3 30. Rd7 g6 31. Rxd6 Kg7 32. Rd7 Kf8 33. Kf2 Ke8
34. Rd6 Nc8 35. Rd5 f6 36. Rb5 Nd6 37. Rb8+ Ke7 38. h4 Ne8 39. a4 Nc7 40. Rb6
Na8 41. Rb7+ Kd6 42. a5 Nc7 43. Rb6+ Rc6 44. Ba4 Rxb6 45. axb6 Ne6 46. Bb3 Nc5
47. Bd5 Nd7 48. b7 Kc7 49. g4 h6 50. g5 hxg5 51. hxg5 fxg5 52. Be6 Nf6 53. Bc8
Ne8 54. Ke3 Nd6 55. Kf2 Nxc8 56. bxc8=Q+ Kxc8 57. Kg3 Kd7 58. Kg4 Ke6 59. Kxg5
Kf7 60. Kg4 Kf6 61. Kh4 Kg7 62. Kg3 Kf6 63. Kf2 Kg5 64. Kg3 Kf6 65. Kf2 Kg5 66.
Ke3 Kh4 67. f4 exf4+ 68. Kxf4 g5+ 69. Ke3 g4 70. Kf2 g3+ 71. Kg2 Kg4 72. e5 Kf5
73. Kxg3 Kxe5 1/2-1/2

[Event "World Rapid Women 2021"]
[Site "Warsaw POL"]
[Date "2021.12.26"]
[Round "3.29"]
[White "Nur-Mukhametova, Alisa"]
[Black "Kulon, Klaudia"]
[Result "0-1"]
[BlackTitle "IM"]
[WhiteElo "2225"]
[BlackElo "2335"]
[WhiteFideId "54117739"]
[BlackFideId "1131044"]
[EventDate "2021.12.26"]

1. d4 Nf6 2. c4 g6 3. Nc3 Bg7 4. Nf3 O-O 5. g3 d6 6. Bg2 Nc6 7. O-O e5 8. dxe5
dxe5 9. Bg5 Be6 10. Nd2 h6 11. Bxf6 Bxf6 12. Nde4 Be7 13. Nd5 f5 14. Nec3 Bc5
15. Nb5 Rc8 16. b3 Rf7 17. e3 a6 18. Nbc3 Nb8 19. Na4 Bf8 20. Ndc3 Rd7 21. Qc1
e4 22. Ne2 Nc6 23. Nf4 Bf7 24. Rd1 Ne5 25. Qc2 g5 26. Rxd7 Qxd7 27. Rd1 Qc6 28.
Ne2 Bh5 29. Rd5 Bg7 30. Nd4 Qg6 31. Ne2 c6 32. Rd2 Bf3 33. Nd4 Bxg2 34. Kxg2 c5
35. Ne2 Qh5 36. h3 Nd3 37. Qd1 Qf3+ 38. Kg1 Qxf2+ 39. Kh1 Qf3+ 40. Kh2 Qf2+ 41.
Kh1 Qxe3 42. Kh2 f4 43. gxf4 gxf4 44. Nb6 Re8 45. Nd5 Qf2+ 46. Kh1 Qh4 47. Ng1
f3 48. Rxd3 exd3 49. Qxf3 Qe4 50. Nf4 d2 0-1

[Event "World Rapid Women 2021"]
[Site "Warsaw POL"]
[Date "2021.12.26"]
[Round "3.30"]
[White "Movsesian, Julia"]
[Black "Loskutova, Viktoriya"]
[Result "1-0"]
[WhiteTitle "WGM"]
[BlackTitle "WFM"]
[WhiteElo "2300"]
[BlackElo "2100"]
[WhiteFideId "4139690"]
[BlackFideId "34166278"]
[EventDate "2021.12.26"]

1. e4 c5 2. Nc3 a6 3. Nf3 d6 4. d4 cxd4 5. Nxd4 Nf6 6. Rg1 e5 7. Nb3 Be6 8. g4
d5 9. g5 Nxe4 10. Nxe4 dxe4 11. Qe2 Nc6 12. Qxe4 Be7 13. Bd2 Bd5 14. Qe3 Qc7 15.
Bd3 O-O 16. Bxh7+ Kxh7 17. Qd3+ Kg8 18. Qxd5 Rad8 19. Qe4 a5 20. a4 Nd4 21. Bc3
Bb4 22. Rg3 Rfe8 23. O-O-O Qc6 24. Qg4 Qxa4 25. Bxd4 exd4 26. Rh3 d3 27. Qh5
Bd2+ 28. Rxd2 Re1+ 29. Rd1 Qf4+ 30. Nd2 Rxd1+ 31. Qxd1 dxc2 32. Qxc2 Qxg5 33.
Qh7+ Kf8 34. Qh8+ Ke7 35. Re3+ 1-0

[Event "World Rapid Women 2021"]
[Site "Warsaw POL"]
[Date "2021.12.26"]
[Round "3.31"]
[White "Muetsch, Annmarie"]
[Black "Kiolbasa, Oliwia"]
[Result "0-1"]
[WhiteTitle "WIM"]
[BlackTitle "WIM"]
[WhiteElo "2279"]
[BlackElo "2399"]
[WhiteFideId "12971367"]
[BlackFideId "1154613"]
[EventDate "2021.12.26"]

1. e4 e5 2. Nf3 Nc6 3. Bc4 Nf6 4. Ng5 d5 5. exd5 Na5 6. Bb5+ Bd7 7. Be2 Nxd5 8.
d4 Nf4 9. Bxf4 exf4 10. Nf3 Bd6 11. Qd2 Nc6 12. O-O O-O 13. c4 Qf6 14. c5 Be7
15. Nc3 Bg4 16. Nd5 Qf5 17. Nxe7+ Nxe7 18. Bd3 Qf6 19. Ne5 Be6 20. Rfe1 Rad8 21.
Re4 Ng6 22. Nxg6 fxg6 23. Rae1 Bxa2 24. Qa5 Bd5 25. Re5 Bf7 26. Qxc7 Rxd4 27.
Bf1 Qc6 28. Qe7 f3 29. g3 h6 30. Re6 Bxe6 31. Rxe6 Qd7 32. Qxd7 Rxd7 33. Bc4 Kh7
34. h4 Rd1+ 35. Kh2 Rd2 36. Kg1 Rxb2 37. Bd3 Rf6 38. Re7 Rd2 39. Bc4 Rf8 40.
Rxb7 a5 41. c6 Rc8 42. Bb5 Rb2 43. h5 Rb4 44. hxg6+ Kxg6 45. Bd3+ Kf6 46. Ra7
Rxc6 47. Rxa5 Rd6 48. Rf5+ Ke7 49. Rxf3 g5 50. Bf5 g4 51. Re3+ Kf6 52. Bc8 Rc4
53. Bb7 Rc7 54. Ba8 Rd1+ 55. Kg2 Ra7 56. Bc6 Ra6 57. Bb7 Raa1 58. Re2 Rh1 59. f3
Rhg1+ 60. Kh2 Rh1+ 61. Kg2 Rag1+ 62. Kf2 Rf1+ 63. Ke3 Rb1 64. Bd5 Rb5 65. Be4
Rb3+ 66. Kf4 h5 67. Rf2 Re1 68. Ra2 gxf3 69. Ra6+ Ke7 70. Ra7+ Kd6 71. Ra6+ Kc5
72. Rc6+ Kb5 73. Rc8 f2 74. Rb8+ Kc4 75. Rc8+ Kb4 0-1

[Event "World Rapid Women 2021"]
[Site "Warsaw POL"]
[Date "2021.12.26"]
[Round "3.32"]
[White "Babiy, Olga"]
[Black "Vantika, Agrawal"]
[Result "0-1"]
[WhiteTitle "WGM"]
[BlackTitle "WGM"]
[WhiteElo "2259"]
[BlackElo "2381"]
[WhiteFideId "14117258"]
[BlackFideId "25050389"]
[EventDate "2021.12.26"]

1. d4 Nf6 2. Nf3 g6 3. Nbd2 Bg7 4. e4 d6 5. Bb5+ c6 6. Bd3 O-O 7. O-O c5 8. c3
cxd4 9. cxd4 Nc6 10. Re1 e5 11. d5 Nd4 12. Nxd4 exd4 13. Qa4 Nd7 14. Qa3 Ne5 15.
Bf1 f5 16. f4 Ng4 17. Nf3 fxe4 18. Rxe4 Bf5 19. Re1 d3 20. Qb4 a5 21. Qb5 a4 22.
h3 Nf6 23. Bd2 Ne4 24. Rad1 a3 25. bxa3 Nxd2 26. Nxd2 Rxa3 27. Nc4 Rxa2 28. Bxd3
Qh4 29. Be2 Bd4+ 30. Kh2 Qxf4+ 31. Kh1 Qg3 32. Qb4 Be4 33. Rg1 Qxh3# 0-1

[Event "World Rapid Women 2021"]
[Site "Warsaw POL"]
[Date "2021.12.26"]
[Round "3.33"]
[White "Doluhanova, Evgeniya"]
[Black "Da Silva, Cibele Florencio"]
[Result "1-0"]
[WhiteTitle "WGM"]
[WhiteElo "2264"]
[BlackElo "1405"]
[WhiteFideId "14112035"]
[BlackFideId "2116901"]
[EventDate "2021.12.26"]

1. Nf3 d5 2. b3 Nf6 3. Bb2 Nc6 4. e3 Bg4 5. h3 Bxf3 6. Qxf3 e6 7. Bb5 Be7 8. O-O
a6 9. Bxc6+ bxc6 10. d3 Qd6 11. Nd2 Rg8 12. e4 Qb4 13. Rfd1 Rd8 14. a3 Qc5 15.
c4 d4 16. e5 Nd7 17. b4 Qxe5 18. Qxc6 Qd6 19. Qxd6 Bxd6 20. c5 Be5 21. Nc4 c6
22. Re1 Bf6 23. Re4 e5 24. f4 Ke7 25. fxe5 Bxe5 26. Nxe5 Nxe5 27. Rxe5+ Kf8 28.
Rae1 f6 29. Re7 h6 30. Rc7 Rd5 31. Ree7 Re5 32. Rf7+ Ke8 33. Bxd4 Rd5 34. Rce7+
Kd8 35. Ra7 Ke8 36. Rfe7+ Kd8 37. Re4 1-0

[Event "World Rapid Women 2021"]
[Site "Warsaw POL"]
[Date "2021.12.26"]
[Round "3.34"]
[White "Kazarian, Anna-Maja"]
[Black "Maisuradze, Nino"]
[Result "1-0"]
[WhiteTitle "FM"]
[BlackTitle "WGM"]
[WhiteElo "2138"]
[BlackElo "2202"]
[WhiteFideId "1033689"]
[BlackFideId "13601717"]
[EventDate "2021.12.26"]

1. e4 c5 2. Nf3 Nc6 3. d4 cxd4 4. Nxd4 e5 5. Nb5 d6 6. N1c3 a6 7. Na3 b5 8. Nd5
Nge7 9. c4 Nd4 10. Be2 Nxd5 11. exd5 Be7 12. O-O O-O 13. cxb5 f5 14. f4 axb5 15.
Be3 Nxe2+ 16. Qxe2 Ba6 17. b4 Bf6 18. Rac1 Re8 19. Qf2 exf4 20. Bb6 Qe7 21. Rc7
Qe2 22. Qxf4 Qxa2 23. Nc2 Qxd5 24. Ne3 Qe4 25. Nxf5 Qxf4 26. Rxf4 Rab8 27. Bd4
Bxd4+ 28. Rxd4 Bc8 29. Nxg7 Rf8 30. Rxd6 Ra8 31. h3 Rf7 32. Ne8 Ra1+ 33. Kh2 Bf5
34. Nf6+ Kf8 35. Rd8+ Kg7 36. Ne8+ Kg6 37. Rd6+ Kg5 38. Rxf7 Be4 39. Rg7+ Kf5
40. Rb6 Bd3 41. Rxh7 Rb1 42. Rh5+ Kf4 43. Nd6 Rxb4 44. Rh4+ 1-0

[Event "World Rapid Women 2021"]
[Site "Warsaw POL"]
[Date "2021.12.26"]
[Round "3.35"]
[White "Brambilla, Renee Blandy T."]
[Black "Salimova, Nurgyul"]
[Result "0-1"]
[BlackTitle "IM"]
[WhiteElo "1536"]
[BlackElo "2353"]
[WhiteFideId "2115085"]
[BlackFideId "2915138"]
[EventDate "2021.12.26"]

1. d4 Nf6 2. c4 e6 3. Nc3 Bb4 4. e3 O-O 5. Nf3 d5 6. Bd2 b6 7. cxd5 exd5 8. Bd3
Re8 9. O-O Bb7 10. a3 Bf8 11. Rc1 Nbd7 12. Nb5 c6 13. Nc3 Ne4 14. Na2 a5 15. a4
Bd6 16. Nc3 f5 17. Bxe4 fxe4 18. Ne1 Re6 19. g3 Nf6 20. Ng2 Qd7 21. Ne2 Re7 22.
Nef4 Rf8 23. Qe2 g5 24. Nh5 Qh3 25. Nxf6+ Rxf6 26. f3 Rh6 27. Ne1 Ba6 28. Qg2
Bxf1 29. Kxf1 Qxg2+ 30. Kxg2 Bb4 31. Bxb4 axb4 32. Rxc6 Rxc6 0-1

[Event "World Rapid Women 2021"]
[Site "Warsaw POL"]
[Date "2021.12.26"]
[Round "3.36"]
[White "Sandu, Mihaela"]
[Black "Zabrzanska, Weronika"]
[Result "0-1"]
[WhiteTitle "WGM"]
[WhiteElo "2269"]
[BlackElo "1923"]
[WhiteFideId "1204327"]
[BlackFideId "21825173"]
[EventDate "2021.12.26"]

1. e4 e5 2. Nf3 Nc6 3. Bc4 Bc5 4. d3 Nf6 5. c3 d6 6. O-O O-O 7. h3 h6 8. Nbd2 a6
9. Bb3 Ba7 10. Re1 Re8 11. Nf1 Ne7 12. Nh4 d5 13. Qf3 Qd6 14. Ng3 c6 15. Bd2 Be6
16. Rad1 Nh7 17. Qh5 Nf6 18. Qf3 Nh7 19. Bc1 Rad8 20. d4 f6 21. Nhf5 Nxf5 22.
Nxf5 Bxf5 23. Qxf5 exd4 24. cxd4 Qe6 25. Qf3 Kh8 26. e5 fxe5 27. Rxe5 Qf6 28.
Rf5 Qe6 29. Bc2 Rf8 30. Rxf8+ Rxf8 31. Qd3 Nf6 32. Be3 Re8 33. Bf4 Qe4 34. Qd2
Qe2 35. Bg6 Qxd2 36. Bxd2 Re7 0-1

[Event "World Rapid Women 2021"]
[Site "Warsaw POL"]
[Date "2021.12.26"]
[Round "3.37"]
[White "Hryzlova, Sofiia"]
[Black "Girya, Olga"]
[Result "1-0"]
[WhiteTitle "WCM"]
[BlackTitle "GM"]
[WhiteElo "2097"]
[BlackElo "2416"]
[WhiteFideId "14174669"]
[BlackFideId "4195752"]
[EventDate "2021.12.26"]

1. d4 Nf6 2. c4 e6 3. Nc3 Bb4 4. e3 O-O 5. Bd2 d5 6. Nf3 b6 7. cxd5 exd5 8. Bd3
Bb7 9. O-O Bd6 10. Qb1 c5 11. Nb5 Be7 12. dxc5 bxc5 13. b4 a6 14. Na3 c4 15. Bf5
Nc6 16. Rd1 Qb6 17. Nc2 g6 18. Bh3 Ne4 19. Be1 Bf6 20. Nfd4 Ne5 21. g3 Nd3 22.
Bf1 Nxe1 23. Rxe1 Rad8 24. Bg2 h5 25. h4 Rfe8 26. a4 Rb8 27. Qd1 Bg7 28. Ra3 Qf6
29. Qe2 Bc8 30. b5 Bd7 31. Nb4 Qd6 32. Rb1 Bxd4 33. exd4 Nc3 34. Qxe8+ Rxe8 35.
Rxc3 axb5 36. axb5 Bf5 37. Rb2 Be4 38. Bxe4 dxe4 39. Nc6 e3 40. Re2 exf2+ 41.
Kxf2 Rxe2+ 42. Kxe2 Kg7 43. Rxc4 Qd5 44. Rc5 Qg2+ 45. Kd3 Qxg3+ 46. Kc4 Qg2 47.
b6 Qc2+ 48. Kb5 Qb3+ 49. Nb4 Qf3 50. d5 Qe2+ 51. Rc4 g5 52. b7 Qe8+ 53. Nc6 Qd7
54. b8=Q Qxd5+ 55. Rc5 Qb3+ 56. Nb4 1-0

[Event "World Rapid Women 2021"]
[Site "Warsaw POL"]
[Date "2021.12.26"]
[Round "3.38"]
[White "Semenova, Elena1"]
[Black "Danielian, Elina"]
[Result "0-1"]
[WhiteTitle "WIM"]
[BlackTitle "GM"]
[WhiteElo "2278"]
[BlackElo "2441"]
[WhiteFideId "24125148"]
[BlackFideId "13300210"]
[EventDate "2021.12.26"]

1. e4 d6 2. d4 Nf6 3. Nc3 g6 4. f4 Bg7 5. Nf3 O-O 6. e5 dxe5 7. fxe5 Nd5 8. Bc4
Be6 9. Nxd5 Bxd5 10. Bxd5 Qxd5 11. Qe2 b5 12. O-O a6 13. b3 Nc6 14. Be3 b4 15.
a3 a5 16. Qd3 f6 17. exf6 exf6 18. axb4 axb4 19. Qc4 Qxc4 20. bxc4 f5 21. Rxa8
Rxa8 22. d5 Ne5 23. Nxe5 Bxe5 24. g3 Ra3 25. Bd2 Ra2 26. Bxb4 Rxc2 27. Re1 Bd4+
28. Kh1 Rxc4 29. d6 cxd6 30. Bxd6 Bf6 31. Re2 Kf7 32. Kg2 g5 33. Kf3 h5 34. Kg2
h4 35. Rf2 Ke6 36. Ba3 Be5 37. Bb2 Bc7 38. Re2+ Kd5 39. Rd2+ Ke4 40. Bf6 hxg3
41. hxg3 f4 42. gxf4 gxf4 43. Re2+ Kf5 44. Bb2 Kg4 45. Kf1 Bb6 46. Rh2 Rb4 47.
Bc3 Rb1+ 48. Ke2 f3+ 49. Kd3 f2 0-1

[Event "World Rapid Women 2021"]
[Site "Warsaw POL"]
[Date "2021.12.26"]
[Round "3.39"]
[White "Wikar, Martyna"]
[Black "Sliwicka, Alicja"]
[Result "1-0"]
[WhiteTitle "WFM"]
[BlackTitle "WIM"]
[WhiteElo "2168"]
[BlackElo "2289"]
[WhiteFideId "21807663"]
[BlackFideId "1150677"]
[EventDate "2021.12.26"]

1. e4 c5 2. Nf3 d6 3. d4 cxd4 4. Nxd4 Nf6 5. Nc3 Bd7 6. Be2 e5 7. Nb3 Bc6 8. Bg5
Be7 9. Bxf6 Bxf6 10. Nd5 O-O 11. O-O Nd7 12. c4 Bg5 13. Bd3 Nf6 14. Nd2 Nxd5 15.
cxd5 Bd7 16. Nc4 Qe7 17. Ne3 g6 18. Re1 f5 19. f3 f4 20. Nf1 h5 21. Qb3 Qf7 22.
a4 Bd8 23. a5 b6 24. a6 b5 25. Kh1 g5 26. Bxb5 Bxb5 27. Qxb5 Bb6 28. Qc6 Rad8
29. Nd2 Bd4 30. Ra3 Rb8 31. Rb3 Rbc8 32. Qxd6 Rfd8 33. Qh6 Qg7 34. Qe6+ Qf7 35.
Qh6 Qg7 36. Qxh5 Bb6 37. Qg4 Rc2 38. Nf1 Rc7 39. Rd1 Rd6 40. h3 Kf8 41. Qf5+ Ke7
42. Rc3 Rxc3 43. bxc3 Qf6 44. Qxf6+ Rxf6 45. c4 Rf8 46. d6+ Kd7 47. g3 Rc8 48.
gxf4 gxf4 49. Nh2 Rxc4 50. Ng4 Bd4 51. h4 Kxd6 52. h5 Rc7 53. h6 Ke6 54. Kg2 Kf7
55. Rb1 Kg6 56. Rb7 Rc2+ 57. Kh3 Kh5 58. h7 Rc8 59. Rg7 Rh8 60. Rg8 Rxh7 61.
Nf6+ Kh6 62. Nxh7 Kxh7 63. Rg5 Kh6 64. Kg4 Ba1 65. Kf5 Bd4 66. Rg6+ Kh7 67. Re6
Kg7 68. Rxe5 Be3 69. Rd5 Kf7 70. Rd7+ Ke8 71. Rb7 Kd8 72. e5 Ke8 73. e6 Kd8 74.
Ke5 Bc1 75. e7+ Ke8 76. Ke6 1-0

[Event "World Rapid Women 2021"]
[Site "Warsaw POL"]
[Date "2021.12.26"]
[Round "3.40"]
[White "Rakhmangulova, Anastasiya"]
[Black "Jakubowska, Anna"]
[Result "1-0"]
[WhiteTitle "WIM"]
[BlackTitle "WIM"]
[WhiteElo "2174"]
[BlackElo "2106"]
[WhiteFideId "14117479"]
[BlackFideId "1121952"]
[EventDate "2021.12.26"]

1. e4 c6 2. d4 d5 3. e5 Bf5 4. h4 h5 5. Bd3 Bxd3 6. Qxd3 e6 7. Bg5 Qa5+ 8. Nd2
Ne7 9. Nf3 Nf5 10. O-O Nd7 11. a4 f6 12. exf6 gxf6 13. Rfe1 O-O-O 14. Rxe6 fxg5
15. Qxf5 Bg7 16. Nb3 Qc7 17. Nxg5 Rdf8 18. Qh3 Kb8 19. Re7 Bf6 20. Rxd7 Qb6 21.
Ne6 Rfg8 22. a5 Qb5 23. Qh2+ 1-0

[Event "World Rapid Women 2021"]
[Site "Warsaw POL"]
[Date "2021.12.26"]
[Round "3.41"]
[White "Szczotka, Klara"]
[Black "Fernandez, Maria Florencia"]
[Result "0-1"]
[BlackTitle "WIM"]
[WhiteElo "1755"]
[BlackElo "2229"]
[WhiteFideId "21858845"]
[BlackFideId "116459"]
[EventDate "2021.12.26"]

1. d4 Nf6 2. c4 g6 3. Nc3 Bg7 4. e4 d6 5. Be2 O-O 6. Be3 Na6 7. g4 c5 8. d5 e6
9. g5 Ne8 10. h4 exd5 11. cxd5 Nec7 12. a4 Nb4 13. Nf3 Bg4 14. Rg1 Bh5 15. Nh2
Bxe2 16. Qxe2 a6 17. f3 b5 18. a5 c4 19. Kf2 Nd3+ 20. Kg3 Qe7 21. Ng4 Rae8 22.
Qd2 b4 23. Nd1 Nb5 24. Ra4 f5 25. gxf6 Bxf6 26. Bg5 Bxg5 27. hxg5 Nd4 28. Nf6+
Rxf6 29. gxf6 Qxf6 30. Rf1 Qe5+ 31. Kg2 Rf8 32. Qe3 Rf4 33. Rf2 Rh4 34. f4 Nxf4+
35. Rxf4 Rxf4 36. Rxb4 Qg5+ 0-1

[Event "World Rapid Women 2021"]
[Site "Warsaw POL"]
[Date "2021.12.26"]
[Round "3.42"]
[White "Balajayeva, Khanim"]
[Black "Rudzinska, Michalina"]
[Result "1-0"]
[WhiteTitle "WGM"]
[BlackTitle "WFM"]
[WhiteElo "2376"]
[BlackElo "2215"]
[WhiteFideId "13406396"]
[BlackFideId "1172883"]
[EventDate "2021.12.26"]

1. e4 c5 2. c3 d5 3. exd5 Qxd5 4. d4 Nf6 5. Nf3 Bg4 6. Nbd2 e6 7. Bc4 Qd8 8. Qb3
Qc7 9. Ne5 Bd6 10. Nxg4 Nxg4 11. Ne4 Be7 12. h3 Nf6 13. Nxf6+ Bxf6 14. O-O O-O
15. d5 exd5 16. Bxd5 Nc6 17. Be3 b6 18. Rad1 Rad8 19. Qa4 Ne5 20. Bf4 Rfe8 21.
Rfe1 Re7 22. Bxe5 Bxe5 23. Qc4 Rde8 24. Kf1 g6 25. f4 b5 26. Qb3 Bxf4 27. Bxf7+
Rxf7 28. Rxe8+ Kg7 29. Kg1 Bg3 30. Qxb5 Qf4 31. Qe2 h6 32. Re4 Qf6 33. Re6 Qg5
34. Rf1 Rd7 35. Re8 Bd6 36. Qe6 1-0

[Event "World Rapid Women 2021"]
[Site "Warsaw POL"]
[Date "2021.12.26"]
[Round "3.43"]
[White "Smirnova, Ekaterina"]
[Black "Alymbai kyzy, Aizhan"]
[Result "1/2-1/2"]
[WhiteTitle "WIM"]
[WhiteElo "2196"]
[BlackElo "1889"]
[WhiteFideId "4110943"]
[BlackFideId "13800043"]
[EventDate "2021.12.26"]

1. d4 d5 2. c4 c6 3. Nf3 Nf6 4. e3 e6 5. Nc3 Nbd7 6. Qc2 Bd6 7. Bd3 O-O 8. O-O
dxc4 9. Bxc4 b5 10. Bd3 Bb7 11. Ng5 h6 12. Nge4 Bc7 13. h3 Rc8 14. b4 Qe7 15. a3
e5 16. Bd2 Bb6 17. Rfe1 Nxe4 18. Nxe4 exd4 19. exd4 Bxd4 20. Bc3 Bxc3 21. Qxc3
Qe5 22. Rac1 Qxc3 23. Rxc3 Ne5 24. Bf1 f6 25. Nd6 Rb8 26. f4 Ng6 27. g3 Ba8 28.
Bd3 Rbd8 29. Nf5 Rfe8 30. Rxe8+ Rxe8 31. Kf2 Ne7 1/2-1/2

[Event "World Rapid Women 2021"]
[Site "Warsaw POL"]
[Date "2021.12.26"]
[Round "3.44"]
[White "Abdumalik, Zhansaya"]
[Black "Parol, Pola"]
[Result "1-0"]
[WhiteTitle "GM"]
[BlackTitle "WFM"]
[WhiteElo "2491"]
[BlackElo "2067"]
[WhiteFideId "13703544"]
[BlackFideId "1163116"]
[EventDate "2021.12.26"]

1. e4 c5 2. Nf3 d6 3. d4 cxd4 4. Nxd4 Nf6 5. Nc3 a6 6. g3 e5 7. Nb3 Be7 8. Bg2
O-O 9. a4 b6 10. O-O Bb7 11. Re1 h6 12. Nd2 Qc7 13. Nf1 Nc6 14. Ne3 Nd4 15. Ncd5
Qd8 16. c3 Ne6 17. Nxe7+ Qxe7 18. Nf5 Qc7 19. Qxd6 Qxd6 20. Nxd6 Bc6 21. b4 Rfd8
22. Nc4 Nd7 23. Be3 b5 24. Na5 Rac8 25. Rec1 Nf6 26. Nxc6 Rxc6 27. axb5 axb5 28.
Ra5 Nc7 29. h3 Rd3 30. Ra3 Rd8 31. f3 Rd3 32. Kf2 Kf8 33. Bf1 Rd8 34. Ra7 Rd7
35. c4 bxc4 36. Rxc4 Rxc4 37. Bxc4 Ne6 38. b5 Rxa7 39. Bxa7 Ne8 40. Bxe6 fxe6
41. Bc5+ Kf7 42. b6 Nf6 43. b7 Nd7 44. Bd6 Kf6 45. b8=Q Nxb8 46. Bxb8 g6 47. h4
h5 48. Ke3 g5 49. hxg5+ Kxg5 50. Bxe5 1-0

[Event "World Rapid Women 2021"]
[Site "Warsaw POL"]
[Date "2021.12.26"]
[Round "3.45"]
[White "Malicka, Maria"]
[Black "Javakhishvili, Lela"]
[Result "0-1"]
[WhiteTitle "FM"]
[BlackTitle "IM"]
[WhiteElo "2307"]
[BlackElo "2479"]
[WhiteFideId "1197576"]
[BlackFideId "13601458"]
[EventDate "2021.12.26"]

1. e4 d6 2. d4 Nf6 3. Nc3 g6 4. Bg5 c6 5. Qd2 b5 6. a3 Bg7 7. f4 O-O 8. Nf3 Nbd7
9. e5 Ne8 10. Bd3 Nb6 11. O-O Nc4 12. Bxc4 bxc4 13. exd6 Nxd6 14. Rae1 Nf5 15.
Ne2 c5 16. g4 h6 17. gxf5 hxg5 18. fxg6 gxf4 19. dxc5 Qc7 20. Nxf4 Qxc5+ 21. Qf2
Qf5 22. Qg3 Bb7 23. c3 e5 24. gxf7+ Kxf7 25. Ng5+ Kg8 26. Nfe6 Qg6 27. Nxf8 Bxf8
28. Ne4 Qxg3+ 29. hxg3 Rd8 30. Kf2 Rd7 31. g4 Rd3 32. Re3 Rd8 33. g5 Kg7 34. Re2
Be7 35. Ke3 Rd3+ 36. Kf2 Bd8 37. Kg2 Bxg5 38. Rf3 Bf4 39. Kf2 Kg6 40. Kg2 Kf5
41. Ng3+ Kg4 42. Ne4 Rxf3 43. Nd6 Bc6 44. Kg1 Rg3+ 45. Kf1 Be3 46. Rxe3 Rxe3 47.
Nxc4 Bb5 0-1

[Event "World Rapid Women 2021"]
[Site "Warsaw POL"]
[Date "2021.12.26"]
[Round "3.46"]
[White "Jarocka, Liwia"]
[Black "Zawadzka, Jolanta"]
[Result "0-1"]
[WhiteTitle "FM"]
[BlackTitle "WGM"]
[WhiteElo "2006"]
[BlackElo "2426"]
[WhiteFideId "21807558"]
[BlackFideId "1122320"]
[EventDate "2021.12.26"]

1. Nf3 d5 2. b3 Nf6 3. Bb2 e6 4. e3 Be7 5. d4 O-O 6. Bd3 a5 7. O-O a4 8. c4 b6
9. Nbd2 Ba6 10. Qc2 Nc6 11. Bc3 h6 12. bxa4 dxc4 13. Bxc4 Bxc4 14. Nxc4 Nd5 15.
Nce5 Nxe5 16. Nxe5 Qe8 17. e4 Nxc3 18. Qxc3 c5 19. dxc5 Bxc5 20. Nd3 Qxa4 21.
Nxc5 bxc5 22. Qxc5 Qxe4 23. Rfe1 Rxa2 24. Rac1 Qf4 25. Rc2 Rfa8 26. Rxa2 Rxa2
27. h3 Rd2 28. Rf1 Qe4 29. Qb5 f6 30. Qa5 Qd5 31. Qa4 Kh7 32. Qg4 f5 33. Qf4 Rd4
34. Qc1 e5 35. Qc2 e4 36. Qc1 Rd2 37. Qe1 f4 38. Qb1 Qd4 39. Kh2 f3 40. Re1 Qd3
41. Qxd3 exd3 42. gxf3 Rxf2+ 43. Kg3 Rc2 44. Rd1 d2 45. Kf2 Kg6 46. Ke2 Kf5 47.
h4 Ra2 48. Ke3 g6 49. Rb1 Ra3+ 50. Ke2 Ra4 51. Rb5+ Kf4 52. Rb6 Rd4 53. Kd1 Kf5
54. Rb5+ Kf4 55. Rb6 Kxf3 56. Rxg6 h5 57. Rg5 Rxh4 58. Kxd2 Rh2+ 59. Ke1 Rh1+
60. Kd2 h4 61. Rf5+ Kg4 62. Rf8 h3 63. Ke2 Kg3 64. Rf3+ Kg4 65. Rf8 Ra1 66. Kf2
h2 67. Rg8+ Kf5 68. Rf8+ Ke5 0-1

[Event "World Rapid Women 2021"]
[Site "Warsaw POL"]
[Date "2021.12.26"]
[Round "3.47"]
[White "Goraj, Barbara"]
[Black "Efimenko, Maria"]
[Result "1-0"]
[WhiteTitle "WCM"]
[BlackTitle "WIM"]
[WhiteElo "2044"]
[BlackElo "2245"]
[WhiteFideId "21816166"]
[BlackFideId "14124327"]
[EventDate "2021.12.26"]

1. e4 c5 2. Nf3 e6 3. d4 cxd4 4. Nxd4 Nf6 5. Nc3 Nc6 6. Nxc6 bxc6 7. Bd3 Bb4 8.
O-O O-O 9. e5 Bxc3 10. bxc3 Nd5 11. Ba3 Re8 12. c4 Nf4 13. Be4 Ba6 14. Qf3 Ng6
15. Qc3 f5 16. Bd3 Qg5 17. Bc1 Qh4 18. f4 c5 19. Qa5 Bb7 20. Qxc5 Qg4 21. Rf2
Nh4 22. Be2 Qg6 23. g3 Kh8 24. Kf1 Qh6 25. gxh4 Qxh4 26. Qe3 Rg8 27. Qg3 Qe7 28.
h4 Rac8 29. a4 Ba6 30. Ba3 Qe8 31. c5 Bb7 32. Bf3 Ba6+ 33. Be2 Bb7 34. Rd1 d6
35. exd6 Qxa4 36. Qb3 Qe4 37. Bf3 Ba6+ 38. Kg1 Qxf4 39. Bg2 Qxh4 40. d7 Rcf8 41.
Qxe6 Bc4 42. Qe3 f4 43. Qh3 Qf6 44. c6 Be6 45. Qd3 Rd8 46. Qd4 Qg5 47. Qxf4 Qh5
48. Re1 Bxd7 49. cxd7 Rxd7 50. Qf5 Qxf5 51. Rxf5 Rd2 52. Rf2 Rd4 53. Rfe2 h5 54.
Re5 g6 55. Bb2 Rb4 56. Rxh5# 1-0

[Event "World Rapid Women 2021"]
[Site "Warsaw POL"]
[Date "2021.12.26"]
[Round "3.48"]
[White "Smietanska, Wiktoria"]
[Black "Dworakowska, Joanna"]
[Result "1-0"]
[WhiteTitle "CM"]
[BlackTitle "IM"]
[WhiteElo "1910"]
[BlackElo "2321"]
[WhiteFideId "21869359"]
[BlackFideId "1107445"]
[EventDate "2021.12.26"]

1. c4 Nf6 2. Nc3 g6 3. g3 Bg7 4. Bg2 O-O 5. e4 d6 6. Nge2 c5 7. d3 Nc6 8. O-O
Bd7 9. h3 e6 10. Be3 Qe7 11. d4 a6 12. f4 cxd4 13. Nxd4 Rac8 14. Qe2 Na5 15. e5
dxe5 16. fxe5 Ne8 17. Bf4 g5 18. Bc1 Qc5 19. Rd1 Bxe5 20. Be3 Qxc4 21. Qg4 h6
22. h4 f5 23. Qh5 Qc7 24. hxg5 Ng7 25. Qg6 h5 26. Nd5 Be8 27. Nxc7 Bxg6 28.
Ncxe6 Nxe6 29. Nxe6 Rfe8 30. Bd5 Kh7 31. Bf4 Bxb2 32. Rab1 Rc2 33. Rd2 Rxd2 34.
Bxd2 Bf7 35. Rxb2 Bxe6 36. Bxe6 Rxe6 37. Bxa5 b5 38. Kf2 Kg6 39. Bd8 Rd6 40. Bf6
Rd5 41. Ke3 a5 42. Rd2 Rc5 43. Rd7 f4+ 44. Kxf4 Rc4+ 45. Bd4 h4 46. Rg7+ Kh5 47.
g4# 1-0